Av. Dr. Sezgin Tanrıkulu (Record no. 3046)

MARC details
000 -BAŞLIK
Sabit Uzunlukta Kontrol Alanı 01425na a2200361 4500
001 - KONTROL NUMARASI
Denetim Alanı 17083
003 - KONTROL NUMARASI IDENTIFIER
Denetim Alanı MIRAKIL
005 - SON İŞLEM TARİHİ VE ZAMANI
Denetim Alanı 20181213154918.0
008 - SABİT-BOY VERİ ELEMANLARI - GENEL BİLGİLER
Sabit Uzunlukta Kontrol Alanı 161111b tu 000 0
035 ## - SİSTEM KONTROL NUMARASI
Sistem Kontrol Numarası 17083
040 ## - KATALOGLAMA KAYNAK
Orijinal Kataloglama Ajansı Milas
Kataloglama Dili tur
Metne Dönüştürmek Ajansı TR-AnCHP
041 ## - DİL KODU
Metin / Ses Parça Veya Ayrı Başlığın Dil Kodu tur
082 ## - DEWEY ONLU SINIFLANDIRMA NUMARASI
Sınıflandırma Numarası CHP 328.331
Ürün Numarası C36s [2016?]
090 ## - SINIFLAMA NUMARASI
Sınıflama Numarası CHP 328.331 C36s [2016?]
110 ## - ANA GİRİŞ - KURUMSAL ADI
Giriş Elemanı Olarak Kurumsal Ad Veya Yargı Alanı Adı Cumhuriyet Halk Partisi (CHP)
Alt Birim TBMM Grup Başkanlığı
240 ## - ÜNİFORM BAŞLIK
Üniforma Başlık <a href="Yazılı soru önergeleri">Yazılı soru önergeleri</a>
245 ## - BAŞLIK TABLOSU
Başlık Av. Dr. Sezgin Tanrıkulu
Başlığın Kalan sahibi olduğu yazılı soru önergeleri
Sorumluluk Tablosu, Vb [derleyen] CHP
246 ## - UNVAN FORM VARYING
Başlık Doğru / Kısa Başlığı Sezgin Tanrıkulu'nun sahibi olduğu yazılı soru önergeleri
260 ## - YAYIN, DAĞITIM, VB
Yayın, Dağıtım, Vb Yeri [Ankara]
Yayıncı, Dağıtıcı, Vs Adı [CHP]
Yayın, Dağıtım, Vb Tarihi [2016?]
300 ## - FİZİKSEL TANIM
Kapsam c.
Diğer Fiziksel Ayrıntıları res.
Boyutlar 30 sm.
490 ## - SERİSİ TABLOSU
Seri Beyanı Cumhuriyet Halk Partisi yayınları
500 ## - GENEL NOT
Genel Not Dış kapakta tamamlayıcı yapıt adı : 24. dönem TBMM yasama çalışmaları: (Yasama soru bankası)
600 ## - KONU KATMA GİRİŞ - KURUMSAL ADI
Kişisel Ad Tanrıkulu, M. Sezgin
Genel Alt Bölümü Meclis çalışmaları
600 ## - KONU KATMA GİRİŞ - KURUMSAL ADI
Kişisel Ad Tanrıkulu, M. Sezgin
Başlıklar Ve Bir Adla İlişkili Diğer Kelimeler Av. Dr.
-- CHP İstanbul Milletvekili
Genel Alt Bölümü Soru önergeleri
Kronolojik Alt Bölümü TBMM, 24. Dönem
610 ## - KONU KATMA GİRİŞ - TOPLANTI ADI
Giriş Elemanı Olarak Kurumsal Ad Veya Yargı Alanı Adı TBMM
Genel Alt Bölüm Soru önergeleri
610 ## - KONU KATMA GİRİŞ - TOPLANTI ADI
Giriş Elemanı Olarak Kurumsal Ad Veya Yargı Alanı Adı Cumhuriyet Halk Partisi (CHP)
Genel Alt Bölüm Soru önergeleri
Kronolojik Alt Bölüm TBMM, 24. Dönem
650 ## - KONU KATMA GİRİŞ - TOPİKAL DÖNEM
Topikal Süreli Veya Coğrafi Ad Giriş Elemanı Soru önergeleri
740 ## - KATMA GİRİŞ - KONTROLSUZ İLGİLİ / ANALİTİK BAŞLIK
Kontrol Edilmeyen / İlgili Analitik Başlıktaki TBMM Yasama soru bankası
740 ## - KATMA GİRİŞ - KONTROLSUZ İLGİLİ / ANALİTİK BAŞLIK
Kontrol Edilmeyen / İlgili Analitik Başlıktaki 24. dönem TBM yasama çalışmaları (Yasama Soru bankası)
830 ## - SERİSİ EKLENDİ GİRİŞ - ÜNİFORM ADI
Üniforma Başlık CHP yayınları
942 ## - EKLENDİ GİRİŞ ELEMANLARI (KOHA)
Sınıflandırma Veya Raf Düzeni Kaynak
Koha Öğesi Türü Books
999 ## - SİSTEM KONTROL NUMARALARI (KOHA)
Koha Biblionumber 3046
Koha Biblioitemnumber 3046
657 ## - INDEX SÜRE - İŞLEVİ
-- CHP yazılı soru önergeleri
Holdings
Kalıcı Konum Mevcut Konum Edinme Tarihi Edinim Kaynak Seri Numaralandırma / Kronolojik Toplam Check-Out'Lar Tam Çağrı Numarası Barkod Tarih Son Görülme İtibaren Geçerli Fiyatlar Koha Öğesi Türü
CHP Kütüphanesi CHP Kütüphanesi 10/22/2016 Bağış c.19   CHP 328.331 C36s [2016?] 007514 10/22/2016 10/22/2016 Books
CHP Kütüphanesi CHP Kütüphanesi 10/22/2016 Bağış     CHP 328.331 C36s [2016?] 007515 10/22/2016 10/22/2016 Books
CHP Kütüphanesi CHP Kütüphanesi 10/22/2016 Bağış c.2   CHP 328.331 C36s [2016?] 007516 10/22/2016 10/22/2016 Books
CHP Kütüphanesi CHP Kütüphanesi 10/22/2016 Bağış c.3   CHP 328.331 C36s [2016?] 007517 10/22/2016 10/22/2016 Books
CHP Kütüphanesi CHP Kütüphanesi 10/22/2016 Bağış c.4   CHP 328.331 C36s [2016?] 007518 10/22/2016 10/22/2016 Books
CHP Kütüphanesi CHP Kütüphanesi 10/22/2016 Bağış c.5   CHP 328.331 C36s [2016?] 007519 10/22/2016 10/22/2016 Books
CHP Kütüphanesi CHP Kütüphanesi 10/22/2016 Bağış c.6   CHP 328.331 C36s [2016?] 007520 10/22/2016 10/22/2016 Books
CHP Kütüphanesi CHP Kütüphanesi 10/22/2016 Bağış c.7   CHP 328.331 C36s [2016?] 007521 10/22/2016 10/22/2016 Books
CHP Kütüphanesi CHP Kütüphanesi 10/22/2016 Bağış c.8   CHP 328.331 C36s [2016?] 007522 10/22/2016 10/22/2016 Books
CHP Kütüphanesi CHP Kütüphanesi 10/22/2016 Bağış     CHP 328.331 C36s [2016?] 007523 10/22/2016 10/22/2016 Books
CHP Kütüphanesi CHP Kütüphanesi 10/22/2016 Bağış c.10   CHP 328.331 C36s [2016?] 007524 10/22/2016 10/22/2016 Books
CHP Kütüphanesi CHP Kütüphanesi 10/22/2016 Bağış c.12   CHP 328.331 C36s [2016?] 007525 10/22/2016 10/22/2016 Books
CHP Kütüphanesi CHP Kütüphanesi 10/22/2016 Bağış c.13   CHP 328.331 C36s [2016?] 007526 10/22/2016 10/22/2016 Books
CHP Kütüphanesi CHP Kütüphanesi 10/22/2016 Bağış c.14   CHP 328.331 C36s [2016?] 007527 10/22/2016 10/22/2016 Books
CHP Kütüphanesi CHP Kütüphanesi 10/22/2016 Bağış c.15   CHP 328.331 C36s [2016?] 007528 10/22/2016 10/22/2016 Books